| 000 | 00597nam a2200193Ia 4500 | ||
|---|---|---|---|
| 003 | GCL | ||
| 008 | 140319s9999 xx 000 0 ara d | ||
| 040 |
_aGCL / _cGCL |
||
| 082 | 0 | 4 |
_a231 _bب م |
| 100 | 1 | _aعائشة عبدالرحمن | |
| 245 | 1 | 0 |
_aمقدمة ابن الصلاح ومحاسن الاصطلاح / _cعائشة عبدالرحمن |
| 260 |
_a[S.N] : _bدار المعارف ، _c1989 |
||
| 300 | _a952 ص | ||
| 490 |
_aذخائر العرب _v0 |
||
| 650 | 0 | 4 | _aالاسلام |
| 650 | 0 | 4 | _aالرواه - تراجم |
| 650 | 0 | 4 | _aالحديث - مصطلح |
| 942 |
_2ddc _cBK |
||
| 999 |
_c28165 _d28165 |
||